00689nam a2200169Ia 4500008004100000020001500041050001700056100002600073240005800099245014300157250000700300260002100307300002000328500004900348650004400397700007800441120720s9999 xx 000 0 und d a9700773203 aH61 C56 2007 aCOBOS GONZALEZ, RUBEN aINTRODUCCION A LAS CIENCIAS SOCIALES I: PRIMERA PARTE aINTRODUCCION A LAS CIENCIAS SOCIALES I : PRIMERA PARTE / RUBEN COBOS GONZALEZ, MARIA TERESA MARTIN SANCHEZ, MANUEL HUMBERTO HERNANDEZ-LEON a48 aMéxico: PORRUA a205 P. / 22 CM. aINCLUYE TEMARIO E INDICE AL FINAL DE LA OBRA aCIENCIAS SOCIALES \ ECONOMIA - POLITICA aMARTIN SANCHEZ, MARIA TERESA. COAUT. \ HERNANDEZ-LEON, MANUEL HUMBERTOÌ